000 01311nam a2200193 u 4500
001 000574809
003 AM-YeHGA
005 20250618073358.0
008 080402s1932 ||| r 000 0 arm d
040 _aAM-YeHGA
041 0 _aarm
110 2 _aՀամկոմկուսի (Բ) կոնֆերենցիա
_n17
_cՄոսկվա
245 1 0 _aՀամկոմկուսի (բ) 17-րդ կոնֆերենցիայի բանաձևերը :
_bՀաստատված ե ՀԿ(Բ)Կ Կենտկոմի պլենիումի կողմից 1932 թ. փետրվարի 4-ին /
_cՀամկոմկուսի (Բ) կոնֆերենցիա.
260 _aՌոստով-Դոն :
_bՀյուսիսային Կովկաս,
_c1932.
300 _a36 էջ.
505 0 _aԱ. Դիրեկտիվներ Խորհրդային Միության ժողովրդական տնտեսության յերկրորդ հնգամյա պլանը (1933-37) կազմելու համար (Ընկ. ընկ. Մոլոտովի յեվ Կույբիշեվի զեկուցումների առթիվ)։ Բ. Արդյունաբերության զարգացման արդյունքները 1931 թվին յեվ 1932 թվի խնդիրները (Ընկ. Որջոնիկիձեյի զակուցման առթիվ)։
650 1 4 _aՍՄԿՊ համագումարներ, կոնֆերանսներ
_95021
090 _c231328
999 _c229776
_d229776